Climate Change Trade And Natural Disasters / (Record no. 195571)

MARC details
000 -LEADER
fixed length control field 00614nam a22001817a 4500
005 - DATE AND TIME OF LATEST TRANSACTION
control field 20230405122042.0
010 ## - LCCN (DPL NO)
LC control number ENG-136603
020 ## - INTERNATIONAL STANDARD BOOK NUMBER
International Standard Book Number 9788184503630
Terms of availability 680.00
035 ## - SYSTEM CONTROL NUMBER
System control number EN-120135
037 ## - SOURCE OF ACQUISITION
Source of stock number/acquisition DBAD/PUB
082 ## - DEWEY DECIMAL CLASSIFICATION NUMBER
Classification number 363.73874
100 ## - MAIN ENTRY--PERSONAL NAME
Personal name Chatterjee,Biswajit
245 ## - TITLE STATEMENT
Title Climate Change Trade And Natural Disasters /
Statement of responsibility, etc By Biswajit Chatterjee
260 ## - PUBLICATION, DISTRIBUTION, ETC. (IMPRINT)
Place of publication, distribution, etc New Delhi
Name of publisher, distributor, etc Deep &Deep Publications Pvt Ltd
Date of publication, distribution, etc 2011
270 ## - ADDRESS
Address F-159, Rajouri Garden,
City New Delhi
Postal code 110027
Telephone number 25435369
-- 25440916
Electronic mail address ddpbooks@yahoo.co.in
300 ## - PHYSICAL DESCRIPTION
Extent xiv,145p.;
Dimensions 25cm(hbk)
942 ## - ADDED ENTRY ELEMENTS (KOHA)
Source of classification or shelving scheme Dewey Decimal Classification
Item type English Books
Classification part 363.73874
Call number suffix BIS
Holdings
Withdrawn status Lost status Not for loan Collection code Home library Current library Date acquired Source of acquisition Cost, normal purchase price Full call number Barcode Copy number Cost, replacement price Koha item type
      Non-fiction Shahdara Branch Shahdara Branch 05/04/2023 DBAD/PUB 680.00 363.73874 BIS EN-120135 1 680.00 English Books

© Delhi Public Library
Hit Counter
free hit counter